Fish-making techniques : proceedings of the International Symposium and Educational Workshop on Fish-Marking Techniques, held at the University of Washington, Seattle, Washington, USA, June 27-July 1, 1988
Sympopium 7: Proceeding from the International Symposium and Educational Workshop on Fish-marking Techniques, held in Seattle, WA, June 1988 Landmark coverage of external, internal, electronic, genetic, and chemical tags and marks, with emphasis on methodology, tag evaluation, data analysis, and pro...
Saved in:
| Format: | Book |
|---|---|
| Language: | Undetermined |
| Published: |
Maryland, US.
American Fisheries Society
1990
|
| Subjects: | |
| Tags: |
Add Tag
No Tags, Be the first to tag this record!
|
| Institutions: | Trung tâm Học liệu Trường Đại học Cần Thơ |
|---|
| LEADER | 01120nam a2200193Ia 4500 | ||
|---|---|---|---|
| 001 | CTU_149284 | ||
| 008 | 210402s9999 xx 000 0 und d | ||
| 082 | |a 639.3 | ||
| 082 | |b I.61 | ||
| 245 | 0 | |a Fish-making techniques : | |
| 245 | 0 | |b proceedings of the International Symposium and Educational Workshop on Fish-Marking Techniques, held at the University of Washington, Seattle, Washington, USA, June 27-July 1, 1988 | |
| 245 | 0 | |c Edited by Nick C. Parker ... [et al.] | |
| 260 | |a Maryland, US. | ||
| 260 | |b American Fisheries Society | ||
| 260 | |c 1990 | ||
| 520 | |a Sympopium 7: Proceeding from the International Symposium and Educational Workshop on Fish-marking Techniques, held in Seattle, WA, June 1988 Landmark coverage of external, internal, electronic, genetic, and chemical tags and marks, with emphasis on methodology, tag evaluation, data analysis, and program applications. This book is intended for fish ecologists, researchers, stock assessment biologists, and fisheries managers. | ||
| 650 | |a Fish tagging | ||
| 904 | |i Trọng Hiếu | ||
| 980 | |a Trung tâm Học liệu Trường Đại học Cần Thơ | ||